| 000 | 00923nam a2200193 a 4500 | ||
|---|---|---|---|
| 001 | 000030088 | ||
| 005 | 20200930060031.0 | ||
| 008 | 110429s20uu dr 000 0 spa d | ||
| 040 |
_aDO-SdBNP _bspa _cBNPHU |
||
| 110 | 2 |
_aReública Dominicana _bComisión Presidencial para la reforma y Modernización del Estado _956789 |
|
| 245 | 1 | 0 |
_aEl manual del ayuntamiento : _bfinanzas municipales. |
| 260 |
_aSanto Domingo : _bLiga Municipal, _c[200?]. |
||
| 300 |
_a25 p. : _bil. ; _c21 cm. |
||
| 490 | 1 |
_aCuadernos municipales _v4 |
|
| 500 | _aIncluye notas al pie de las páginas | ||
| 505 | 2 | _aRegistro y conservación de hipotecas -- Oficianas de hipotecas -- Director del registro civil o conservador de hipotecas -- Inscripciones hipotecarias y derecho -- Cancelación y reducción de las inscripciones -- Contabilidad -- Honorarios del conservador de hipotecas | |
| 830 | 0 |
_aCuadernos municipales _v4 _956790 |
|
| 049 | _aBNPD | ||
| 999 |
_c29580 _d29580 |
||